[Event "RUS-Cup07"]
[Site "Togliatti"]
[Date "2001.08.16"]
[Round "9"]
[White "Chuiko, Alexander"]
[Black "Kadatsky, Alexander"]
[Result "1-0"]
[WhiteElo "2414"]
[BlackElo "2258"]
[PlyCount "131"]
[EventDate "2001.08.08"]
[EventType "swiss"]
[EventRounds "9"]
[EventCountry "RUS"]
[SourceTitle "CBM 083 Extra"]
[Source "ChessBase"]
[SourceDate "2001.09.11"]
[SourceVersion "1"]
[SourceVersionDate "2001.09.11"]
[SourceQuality "1"]

1. e4 d5 2. exd5 Nf6 3. d4 Nxd5 4. Nf3 g6 5. Bc4 Bg7 6. h3 0-0 7. 0-0 Nc6 8. c3 Nb6 9. Bb3 e5 10. Bg5 Qd7 11. dxe5 Nxe5 12. Nxe5 Bxe5 13. Nd2 Qf5 14. Nf3 Bg7 15. Re1 Bd7 16. Be7 Rfe8 17. Ng5 Rxe7 18. Rxe7 Qxg5 19. Rxf7 Kh8 20. Rxd7 Nxd7 21. Qxd7 Qc5 22. Re1 Rf8 23. Bf7 Bf6 24. g3 Rd8 25. Re8+ Rxe8 26. Qxe8+ Kg7 27. Qg8+ Kh6 28. Bd5 b6 29. h4 Qe7 30. Kg2 Qd8 31. Qe6 Qe7 32. Qg4 Qe5 33. Be4 a5 34. a4 Be7 35. Qe2 Bd6 36. f4 Qe6 37. Qf3 Qf6 38. Bd3 Kg7 39. h5 gxh5 40. Qxh5 h6 41. Qg4+ Kf8 42. Bc4 Ke7 43. Qe2+ Kf8 44. Qe4 Kg7 45. Kh3 Qg6 46. Qd5 Kf8 47. Kg2 Ke7 48. Kf3 Kf8 49. Bd3 Qf6 50. Qe4 Qf7 51. b4 Qe7 52. Qf5+ Qf7 53. Qb5 Qb3 54. Qh5 axb4 55. Qxh6+ Ke7 56. Qg5+ Kf8 57. Qf5+ Qf7 58. Qxf7+ Kxf7 59. cxb4 Bxb4 60. Be4 Be1 61. g4 Bd2 62. g5 Kg7 63. Bc6 Bc1 64. Kg4 Ba3 65. f5 Be7 66. Bd5 1-0

[Event "RUS-Cup07"]
[Site "Togliatti"]
[Date "2001.08.08"]
[Round "1"]
[White "Chuiko, Alexander"]
[Black "Zverev, Artem"]
[Result "1-0"]
[WhiteElo "2414"]
[BlackElo "2103"]
[PlyCount "83"]
[EventDate "2001.08.08"]
[EventType "swiss"]
[EventRounds "9"]
[EventCountry "RUS"]
[SourceTitle "CBM 083 Extra"]
[Source "ChessBase"]
[SourceDate "2001.09.11"]
[SourceVersion "1"]
[SourceVersionDate "2001.09.11"]
[SourceQuality "1"]

1. e4 c5 2. Nf3 d6 3. d4 cxd4 4. Nxd4 Nf6 5. Nc3 a6 6. h3 g6 7. g4 Bg7 8. g5 Nh5 9. Be3 e5 10. Nde2 Be6 11. Qd2 Nc6 12. Bg2 Qa5 13. Bf3 Nf4 14. Nxf4 exf4 15. Bxf4 Ne5 16. Be2 0-0 17. Nd5 Qxd2+ 18. Kxd2 Bxd5 19. exd5 Rac8 20. Be3 Nc4+ 21. Bxc4 Rxc4 22. c3 Be5 23. Rhg1 Rh4 24. Rg4 Rxh3 25. Rb4 b5 26. a4 Rb8 27. axb5 axb5 28. Ra5 Rf3 29. Ke2 Rf5 30. Raxb5 Rxb5 31. Rxb5 Bf4 32. Bxf4 Rxf4 33. Rb6 Rg4 34. Rxd6 Rxg5 35. c4 h5 36. c5 Re5+ 37. Kf3 Kf8 38. c6 Re8 39. b4 Rc8 40. b5 Ke7 41. Rd7+ Kf6 42. b6 1-0